| 000 | 00367cam a2200145 a 4500 | ||
|---|---|---|---|
| 020 | _a9058093581 | ||
| 082 | 0 | 0 | _a624.1/5136 |
| 100 | 1 | _aAysen, A. | |
| 245 | 1 | 0 | _aSoil mechanics : |
| 250 | _aSpl. Indian | ||
| 260 |
_aLisse, The Netherlands ; _aExton (PA): _bA.A. Balkema Pub., _cc2002. |
||
| 300 |
_avii, 459 p. : _bill. ; |
||
| 650 | 0 | _aSoil mechanics. | |
| 942 | _cBK | ||
| 999 |
_c13980 _d13980 |
||